[Event "XI Weekend B"]
[Site "Gorgonzola ITA"]
[Date "2006.11.19"]
[Round "6"]
[White "De La Pena, Elmer"]
[Black "Eynard, Valdo"]
[Result "0-1"]
[WhiteElo "1892"]
[BlackElo "1986"]
[PlyCount "54"]
[EventDate "2006.11.11"]

1. d4 Nf6 2. c4 e6 3. Nc3 Bb4 4. a3 Bxc3+ 5. bxc3 c5 6. e3 O-O 7. Bd3 d5 8. Nf3
Nc6 9. O-O Qa5 10. Qc2 h6 11. Rd1 b6 12. Nd2 Ba6 13. a4 cxd4 14. exd4 Bxc4 15.
Bxc4 dxc4 16. Nxc4 Qh5 17. Re1 Rac8 18. Ba3 Rfd8 19. Re3 Nxd4 20. Qa2 Rxc4 21.
Be7 Rdc8 22. Bxf6 Nf5 23. Rh3 Qg4 24. Be5 Qe4 25. f4 f6 26. Bd4 Nxd4 27. cxd4
Qxd4+ 0-1

[Event "XI Weekend B"]
[Site "Gorgonzola ITA"]
[Date "2006.11.19"]
[Round "6"]
[White "Fiorili, Roberto"]
[Black "Oteri, Aldo"]
[Result "0-1"]
[WhiteElo "1942"]
[BlackElo "1954"]
[PlyCount "82"]
[EventDate "2006.11.11"]

1. e4 e6 2. d4 d5 3. Nc3 Bb4 4. e5 c5 5. a3 Bxc3+ 6. bxc3 Ne7 7. Qg4 O-O 8. h4
Nbc6 9. Nf3 Qa5 10. Bd2 Qa4 11. Bd3 Nf5 12. Ra2 cxd4 13. h5 f6 14. h6 g6 15.
Bxf5 exf5 16. Qh4 Qc4 17. Ra1 dxc3 18. Be3 Qxh4 19. Rxh4 fxe5 20. Rb1 d4 21.
Nxd4 exd4 22. Bxd4 Nxd4 23. Rxd4 b6 24. Rb3 Bb7 25. Rxc3 Bxg2 26. Rc7 a5 27. f4
Rf7 28. Rxf7 Kxf7 29. Rd7+ Kg8 30. Kd2 Rb8 31. Kc3 Rb7 32. Rd8+ Kf7 33. Kd4 Ke6
34. Re8+ Re7 35. Rb8 Rb7 36. Re8+ Kd6 37. c4 Re7 38. Rg8 Re4+ 39. Kd3 Bf1+ 40.
Kd2 Bxc4 41. Rd8+ Kc7 0-1

[Event "XI Weekend B"]
[Site "Gorgonzola ITA"]
[Date "2006.11.19"]
[Round "6"]
[White "Marino, Marco"]
[Black "Masotti, Roberto"]
[Result "0-1"]
[WhiteElo "1863"]
[BlackElo "1892"]
[PlyCount "114"]
[EventDate "2006.11.11"]

1. e4 Nf6 2. e5 Nd5 3. d4 d6 4. Nf3 dxe5 5. Nxe5 c6 6. Be2 Bf5 7. O-O Nd7 8.
Nf3 e6 9. a3 Bd6 10. c4 Nf4 11. Nc3 O-O 12. h3 Re8 13. Bxf4 Bxf4 14. Bd3 Bxd3
15. Qxd3 Ne5 16. Nxe5 Bxe5 17. Rad1 Bc7 18. Qf3 Qh4 19. Qg4 Qxg4 20. hxg4 Rad8
21. g3 Rd7 22. d5 cxd5 23. cxd5 exd5 24. Rxd5 Red8 25. Rfd1 Rxd5 26. Rxd5 Rxd5
27. Nxd5 Be5 28. b3 Kf8 29. Kg2 Ke8 30. Kf3 Kd7 31. Ke4 Bb2 32. a4 Kc6 33. Nb4+
Kd6 34. Nd3 Bc3 35. b4 a6 36. g5 b6 37. b5 axb5 38. axb5 Ke6 39. Nf4+ Kd6 40.
Nd3 f6 41. gxf6 Bxf6 42. f4 Bc3 43. g4 Bd2 44. f5 Bg5 45. Nf4 Bh4 46. Ne6 Bf6
47. g5 Bb2 48. Nf4 Bc1 49. Ne6 h6 50. f6 Kxe6 51. fxg7 Kf7 52. gxh6 Bxh6 53.
Kd5 Bxg7 54. Kc6 Bd4 55. Kd5 Bc5 56. Ke5 Ke7 57. Kd5 Kf6 0-1

[Event "XI Weekend B"]
[Site "Gorgonzola ITA"]
[Date "2006.11.19"]
[Round "6"]
[White "Olivo, Mario"]
[Black "Cartella, Giovanni"]
[Result "0-1"]
[WhiteElo "1954"]
[BlackElo "1851"]
[PlyCount "136"]
[EventDate "2006.11.11"]

1. c4 Nf6 2. Nc3 e6 3. e4 d6 4. g3 Nbd7 5. Bg2 Ne5 6. d3 c5 7. Nge2 Nc6 8. d4
cxd4 9. Nxd4 Bd7 10. Ndb5 Qb8 11. O-O a6 12. Nd4 Be7 13. Nxc6 Bxc6 14. b4 O-O
15. b5 axb5 16. cxb5 Bd7 17. a4 Rc8 18. Qd3 Qc7 19. Bb2 Qc4 20. Qxc4 Rxc4 21.
e5 dxe5 22. Bxb7 Rb8 23. Ba6 Bb4 24. Rfc1 Ba5 25. Ne2 Re4 26. Rc2 Nd5 27. Nc1
Nb4 28. Re2 Rxe2 29. Nxe2 Nxa6 30. Bxe5 Bc7 31. Bd4 Nb4 32. Rc1 Nd5 33. Nc3
Nxc3 34. Rxc3 Ba5 35. Rc4 Rc8 36. Rxc8+ Bxc8 37. Kf1 f6 38. f4 Kf7 39. Ke2 Ke7
40. Bc5+ Kd7 41. Kd3 Bb7 42. h4 Bd5 43. Bf8 g6 44. Bg7 Bb3 45. Bxf6 Bxa4 46.
Kc4 Be1 47. g4 Bd1 48. Be5 Bxg4 49. Bf6 Be2+ 50. Kc5 Bf2+ 51. Kb4 Bg3 52. Bg5
Kc7 53. Kc5 Bf2+ 54. Kb4 Bb6 55. Be7 Be3 56. Bg5 Kb7 57. Ka5 Bb6+ 58. Kb4 Kc7
59. Be7 Kd7 60. Bc5 Bxc5+ 61. Kxc5 Bxb5 62. Kxb5 Kd6 63. Kc4 e5 64. fxe5+ Kxe5
65. h5 g5 66. Kd3 Kf4 67. Ke2 h6 68. Kf2 Kg4 0-1

[Event "XI Weekend B"]
[Site "Gorgonzola ITA"]
[Date "2006.11.19"]
[Round "6"]
[White "Primerano, Carlo"]
[Black "Cambieri, Mario"]
[Result "1-0"]
[WhiteElo "1758"]
[BlackElo "1877"]
[PlyCount "45"]
[EventDate "2006.11.11"]

1. d4 Nf6 2. c4 c5 3. d5 e6 4. Nc3 exd5 5. cxd5 d6 6. e4 g6 7. f3 Bg7 8. Be3
O-O 9. Qd2 Bd7 10. Bh6 Nh5 11. Bxg7 Nxg7 12. O-O-O a6 13. g4 b5 14. h4 c4 15.
Nge2 h5 16. Ng3 hxg4 17. h5 gxh5 18. Nxh5 Nxh5 19. Rxh5 Qf6 20. Rg5+ Kh7 21.
Qh2+ Qh6 22. Rd2 g3 23. Qxg3 1-0

[Event "XI Weekend B"]
[Site "Gorgonzola ITA"]
[Date "2006.11.19"]
[Round "6"]
[White "Regorda, Vittorio"]
[Black "Virzi, Ettore"]
[Result "1/2-1/2"]
[WhiteElo "1885"]
[BlackElo "1967"]
[PlyCount "71"]
[EventDate "2006.11.11"]

1. c4 e6 2. Nc3 d5 3. Nf3 Nf6 4. e3 Nbd7 5. d4 Bb4 6. Bd3 c5 7. O-O O-O 8. cxd5
exd5 9. a3 Bxc3 10. bxc3 c4 11. Bb1 Qa5 12. Bb2 Re8 13. Re1 Ne4 14. Qc1 b5 15.
Nd2 f5 16. Nf1 Ndf6 17. f3 Nd6 18. Ng3 Bd7 19. e4 fxe4 20. fxe4 Ndxe4 21. Nxe4
Nxe4 22. Bxe4 Rxe4 23. Qg5 Bc6 24. Rf1 Qd8 25. Qf5 Qe7 26. Rad1 Rf8 27. Qh5
Rxf1+ 28. Rxf1 Re1 29. Qf3 Qe3+ 30. Qxe3 Rxe3 31. Rf3 Re2 32. Rf2 Re1+ 33. Rf1
Re6 34. Rf3 g6 35. Kf2 Kg7 36. Bc1 1/2-1/2

[Event "XI Weekend B"]
[Site "Gorgonzola ITA"]
[Date "2006.11.19"]
[Round "6"]
[White "Riboldi, Raffaele"]
[Black "Lanni, Vincenzo"]
[Result "0-1"]
[WhiteElo "1927"]
[BlackElo "1784"]
[PlyCount "72"]
[EventDate "2006.11.11"]

1. d4 g6 2. c4 Bg7 3. Nc3 d6 4. e4 Nf6 5. Nge2 O-O 6. Ng3 Nbd7 7. Be2 c6 8. h4
e5 9. d5 Nc5 10. h5 Qc7 11. Be3 cxd5 12. cxd5 Qa5 13. f3 Bd7 14. hxg6 fxg6 15.
Bd2 Qb6 16. Rb1 Be8 17. Be3 Qc7 18. Qd2 a6 19. O-O h5 20. Rfc1 h4 21. Nf1 Qf7
22. b4 Na4 23. Bd1 Nxc3 24. Qxc3 Nxe4 25. Qd3 Ng3 26. Nh2 Bb5 27. Qd2 e4 28.
Ng4 Nf1 29. Qf2 Nxe3 30. Qxe3 h3 31. Qb6 Bd3 32. Rb3 Qxd5 33. Rxd3 Qxd3 34.
Bb3+ Kh8 35. Rd1 Qe2 36. Qxd6 Qxg2# 0-1

[Event "XI Weekend B"]
[Site "Gorgonzola ITA"]
[Date "2006.11.19"]
[Round "6"]
[White "Rossi, Giampiero"]
[Black "Bisignano, Giuseppe"]
[Result "1-0"]
[WhiteElo "1976"]
[BlackElo "1921"]
[PlyCount "67"]
[EventDate "2006.11.11"]

1. d4 Nf6 2. c4 g6 3. g3 Bg7 4. Bg2 O-O 5. Nc3 c6 6. Nf3 d6 7. O-O Nbd7 8. Qc2
Qc7 9. Rd1 e5 10. b3 exd4 11. Nxd4 Nc5 12. Bb2 Re8 13. h3 Ne6 14. Nxe6 Bxe6 15.
Rd2 Rac8 16. Rad1 Bf5 17. Qc1 Rcd8 18. Qa1 Bh6 19. e3 Ne4 20. Nxe4 Bxe4 21.
Bxe4 Rxe4 22. Bf6 Rd7 23. Rd4 Re6 24. Rh4 Bf8 25. Bb2 d5 26. Qc1 Bc5 27. Qc3 f6
28. Rf4 g5 29. Rf3 h5 30. Rxf6 Rxe3 31. Rg6+ Kh7 32. Qf6 Rxg3+ 33. Kf1 Bf8 34.
Qf5 1-0

[Event "XI Weekend B"]
[Site "Gorgonzola ITA"]
[Date "2006.11.19"]
[Round "6"]
[White "Savarese, Vincenzo"]
[Black "Cantu', Guido"]
[Result "1/2-1/2"]
[WhiteElo "1865"]
[BlackElo "1819"]
[PlyCount "32"]
[EventDate "2006.11.11"]

1. e4 c5 2. c3 Nf6 3. e5 Nd5 4. d4 cxd4 5. Nf3 Nc6 6. cxd4 d6 7. Bc4 Nb6 8. Bb5
dxe5 9. Nxe5 Bd7 10. Nxd7 Qxd7 11. O-O a6 12. Bxc6 bxc6 13. Nc3 g6 14. Bf4 Bg7
15. Qf3 O-O 16. Rfd1 Rfd8 1/2-1/2

[Event "XI Weekend B"]
[Site "Gorgonzola ITA"]
[Date "2006.11.19"]
[Round "6"]
[White "Scarpellini, Felice"]
[Black "Bernago, Federico"]
[Result "0-1"]
[WhiteElo "1887"]
[BlackElo "1990"]
[PlyCount "96"]
[EventDate "2006.11.11"]

1. c4 e5 2. Nc3 Nc6 3. g3 g6 4. Bg2 Bg7 5. d3 d6 6. e4 f5 7. f4 Nf6 8. Nge2 O-O
9. O-O Nd4 10. Nxd4 exd4 11. Ne2 c5 12. exf5 Bxf5 13. Bxb7 Rb8 14. Bg2 Qd7 15.
Rb1 Bh3 16. a3 Bxg2 17. Kxg2 Rfe8 18. h3 d5 19. Ng1 dxc4 20. dxc4 Qf5 21. Bd2
Ne4 22. Nf3 Nxd2 23. Qxd2 Re3 24. Rbc1 Qe4 25. Rf2 d3 26. b4 Re8 27. b5 Qb7 28.
Qd1 Re1 29. Qxe1 Rxe1 30. Rxe1 Bc3 31. Rd1 Qe4 32. Kh2 Qxc4 33. Ne5 Qd4 34. Rf3
c4 35. Nc6 Qc5 36. a4 Bf6 37. g4 Bd4 38. f5 Qd6+ 39. Kg2 Bb2 40. fxg6 hxg6 41.
g5 d2 42. Kf2 c3 43. Rf6 Qc5+ 44. Ke2 Qc4+ 45. Kf3 Qd3+ 46. Kf2 c2 47. Ne7+ Kg7
48. Rxg6+ Qxg6 0-1

[Event "XI Weekend B"]
[Site "Gorgonzola ITA"]
[Date "2006.11.19"]
[Round "6"]
[White "Villalba, Fernando"]
[Black "Acunzo, Domenico"]
[Result "1/2-1/2"]
[WhiteElo "1911"]
[BlackElo "1778"]
[PlyCount "63"]
[EventDate "2006.11.11"]

1. d4 e6 2. e4 d5 3. Nc3 Bb4 4. exd5 exd5 5. Nf3 Nf6 6. Bd2 O-O 7. Be2 Nc6 8.
O-O Bg4 9. Bg5 Bxc3 10. bxc3 Qd6 11. h3 Bh5 12. Nd2 Bxe2 13. Qxe2 Rfe8 14. Qf3
Ne4 15. Nxe4 Rxe4 16. Rae1 Rae8 17. Bd2 h6 18. Rxe4 Rxe4 19. Re1 Rxe1+ 20. Bxe1
Qe6 21. Bd2 Na5 22. Bf4 c6 23. Kf1 Qf5 24. Kg1 g5 25. Bc1 Qxc2 26. Ba3 Nc4 27.
Be7 Nd2 28. Qf6 Qb1+ 29. Kh2 Nf1+ 30. Kg1 Nd2+ 31. Kh2 Nf1+ 32. Kg1 1/2-1/2

[Event "XI Weekend C"]
[Site "Gorgonzola ITA"]
[Date "2006.11.11"]
[Round "1"]
[White "Babic, Vladimir"]
[Black "Pezzotta, Gianni"]
[Result "1-0"]
[WhiteElo "1620"]
[BlackElo "1504"]
[PlyCount "45"]
[EventDate "2006.11.11"]

1. d4 f5 2. e4 fxe4 3. Nc3 Nf6 4. Bg5 d5 5. Bxf6 exf6 6. Qh5+ g6 7. Qxd5 Qe7 8.
Qxe4 Qxe4+ 9. Nxe4 Bg7 10. O-O-O a6 11. Bc4 Nc6 12. Ne2 Na5 13. Bd5 Ke7 14. a3
Rb8 15. Rhe1 Be6 16. N2c3 Rhd8 17. Nc5 Bh6+ 18. Kb1 Rxd5 19. Rxe6+ Kf7 20. Nxd5
b6 21. Re7+ Kg8 22. Nxa6 Rd8 23. Naxc7 1-0

[Event "XI Weekend C"]
[Site "Gorgonzola ITA"]
[Date "2006.11.11"]
[Round "1"]
[White "Brighenti, Alessandro"]
[Black "Squillante, Michele"]
[Result "1-0"]
[WhiteElo "1588"]
[BlackElo "1721"]
[PlyCount "64"]
[EventDate "2006.11.11"]

1. e4 c6 2. d4 d5 3. Nc3 dxe4 4. Nxe4 Bf5 5. Ng3 Bg6 6. h4 h6 7. Nf3 Nd7 8. h5
Bh7 9. Bd3 Bxd3 10. Qxd3 Qc7 11. Bd2 e6 12. O-O-O Ngf6 13. Ne4 O-O-O 14. g3 Nc5
15. Nxc5 Bxc5 16. Rh4 Bb6 17. Qe2 Rd5 18. c4 Rxh5 19. Rxh5 Nxh5 20. c5 Bxc5 21.
dxc5 Nf6 22. Bc3 Rd8 23. Rxd8+ Qxd8 24. Ne5 Qe7 25. Qc4 Nd5 26. Qd4 f6 27. Nc4
h5 28. f4 Nc7 29. Qd6 Qf7 30. Ba5 g5 31. Bxc7 Qxc7 32. Qxe6+ Qd7 1-0

[Event "XI Weekend C"]
[Site "Gorgonzola ITA"]
[Date "2006.11.11"]
[Round "1"]
[White "Christen, Peter Walter"]
[Black "Mariucci, Felice"]
[Result "0-1"]
[WhiteElo "1517"]
[BlackElo "1661"]
[PlyCount "52"]
[EventDate "2006.11.11"]

1. e4 e5 2. Nf3 Nc6 3. Bc4 Nf6 4. d3 Be7 5. O-O O-O 6. Bg5 d6 7. Nbd2 Bd7 8. a3
Ng4 9. Bxe7 Qxe7 10. h3 Nf6 11. Nh2 Rae8 12. f4 exf4 13. Ndf3 Nh5 14. Rf2 Ne5
15. Nd2 Qg5 16. Nhf3 Qf6 17. Nxe5 Qxe5 18. d4 Qg5 19. Qf3 Re7 20. Raf1 Qg6 21.
Bd3 Bc6 22. d5 Bd7 23. e5 Qg5 24. Qe4 g6 25. e6 fxe6 26. dxe6 Bc6 0-1

[Event "XI Weekend C"]
[Site "Gorgonzola ITA"]
[Date "2006.11.11"]
[Round "1"]
[White "Crippa, Oscar"]
[Black "Gallo, Carlo"]
[Result "0-1"]
[WhiteElo "1607"]
[BlackElo "1748"]
[PlyCount "66"]
[EventDate "2006.11.11"]

1. e4 c5 2. Nf3 d6 3. d4 cxd4 4. c3 dxc3 5. Nxc3 Nf6 6. Bc4 e6 7. O-O Be7 8.
Qe2 O-O 9. Rd1 Bd7 10. Bf4 Ne8 11. Rac1 Nc6 12. a3 a6 13. Ba2 b5 14. b4 Nf6 15.
Bxd6 Bxd6 16. Rxd6 Qe7 17. Rcd1 Ra7 18. Bb1 Rc7 19. e5 Ne8 20. Qe4 g6 21. Ne2
f5 22. Qe3 Qg7 23. R6d2 a5 24. bxa5 Nxa5 25. Ba2 Nc4 26. Bxc4 bxc4 27. Nc3 Bc6
28. Nd4 f4 29. Qh3 Bd7 30. Nf3 Rf5 31. g3 fxg3 32. Qxg3 Qe7 33. Nd4 Rg5 0-1

[Event "XI Weekend C"]
[Site "Gorgonzola ITA"]
[Date "2006.11.11"]
[Round "1"]
[White "Delle Fave, Fabio"]
[Black "Bruno, Riccardo"]
[Result "1-0"]
[WhiteElo "1720"]
[BlackElo "1586"]
[PlyCount "71"]
[EventDate "2006.11.11"]

1. e4 c5 2. Nf3 Nc6 3. d4 cxd4 4. Nxd4 e5 5. Nf3 Nf6 6. Bd3 Be7 7. O-O d6 8. h3
O-O 9. Be3 Be6 10. c4 Qc7 11. Nc3 a6 12. Rc1 Nd7 13. Ng5 Qd8 14. Nxe6 fxe6 15.
Qg4 Rf6 16. f4 Rg6 17. Qe2 exf4 18. Rxf4 Bg5 19. Rf3 Nd4 20. Bxd4 Bxc1 21. e5
Rh6 22. exd6 e5 23. Be3 Bxe3+ 24. Qxe3 Qb6 25. Qxb6 Nxb6 26. c5 Nd7 27. b4 Rf6
28. Re3 Rf4 29. Nd5 Rd4 30. Bf5 Nf6 31. Nc7 Rd8 32. a3 Rd1+ 33. Kh2 g6 34. Be6+
Kg7 35. Bb3 Rd2 36. Ne6+ 1-0

[Event "XI Weekend C"]
[Site "Gorgonzola ITA"]
[Date "2006.11.11"]
[Round "1"]
[White "Delledonne, Francesco"]
[Black "Idili, Leonardo"]
[Result "0-1"]
[WhiteElo "1586"]
[BlackElo "1710"]
[PlyCount "100"]
[EventDate "2006.11.11"]

1. e4 c5 2. Nf3 Nc6 3. Bb5 g6 4. O-O Bg7 5. c3 a6 6. Bxc6 bxc6 7. d4 cxd4 8.
cxd4 Nf6 9. Nc3 d6 10. h3 O-O 11. Bg5 Rb8 12. Qd2 Re8 13. Rfe1 Nd7 14. Rab1 Bb7
15. Qf4 c5 16. d5 Qa5 17. Qh4 e6 18. Bh6 exd5 19. Bxg7 Kxg7 20. exd5 Nf6 21.
Qf4 Qc7 22. Qc4 Qd7 23. Re3 Qf5 24. Rd1 Qc2 25. Rd2 Qc1+ 26. Qf1 Qxf1+ 27. Kxf1
a5 28. Ne1 Ba6+ 29. Kg1 Rxe3 30. fxe3 Re8 31. Kf2 Re5 32. Nf3 Ne4+ 33. Nxe4
Rxe4 34. Ng5 Re5 35. Nf3 Re4 36. Ng5 Rc4 37. Kf3 f5 38. Ne6+ Kf6 39. g3 Rc1 40.
h4 Bc4 41. Nc7 Bxa2 42. b4 Bc4 43. bxc5 Ke7 44. c6 a4 45. Na8 a3 46. c7 Kd7 47.
Nb6+ Kxc7 48. Nxc4 Rxc4 49. Rd3 Ra4 50. Rc3+ Kd7 0-1

[Event "XI Weekend C"]
[Site "Gorgonzola ITA"]
[Date "2006.11.11"]
[Round "1"]
[White "Epitome, Nando"]
[Black "Myftaraj, Ylli"]
[Result "1/2-1/2"]
[WhiteElo "1661"]
[BlackElo "1524"]
[PlyCount "139"]
[EventDate "2006.11.11"]

1. d4 d5 2. c4 e6 3. Nc3 Nf6 4. Nf3 Be7 5. h3 Nbd7 6. Bf4 c5 7. e3 O-O 8. a3 b6
9. Bd3 dxc4 10. Bxc4 Bb7 11. O-O Rc8 12. Be2 Nd5 13. Bh2 N7f6 14. Rc1 Nxc3 15.
Rxc3 cxd4 16. Rd3 Qd5 17. Rxd4 Qa2 18. Ra4 a5 19. Be5 Bd5 20. Rf4 Rfd8 21. Qa4
Qb3 22. Rd1 Qxa4 23. Rxa4 Bb3 24. Rxd8+ Rxd8 25. Rf4 Nd5 26. Rg4 Bf6 27. Rd4
Rc8 28. e4 Bxe5 29. Nxe5 Nf4 30. Bb5 f6 31. Nd7 Rc2 32. Nxb6 Rxb2 33. a4 Ne2+
34. Bxe2 Rxe2 35. f3 Ra2 36. f4 e5 37. fxe5 fxe5 38. Rd8+ Kf7 39. Ra8 Bxa4 40.
Rxa5 Bb3 41. Rxe5 Rd2 42. Rb5 Ba2 43. g4 Re2 44. Nc8 Kf6 45. Nd6 h6 46. h4 Ke6
47. Rb6 Ke5 48. g5 hxg5 49. hxg5 Rd2 50. Ra6 Rxd6 51. Rxa2 Kxe4 52. Rg2 Rg6 53.
Kh2 Kf4 54. Kh3 Rxg5 55. Rf2+ Ke5 56. Kh4 Rf5 57. Rg2 Kf6 58. Rg1 g6 59. Ra1
Rf4+ 60. Kg3 Kg5 61. Ra5+ Rf5 62. Ra4 Rc5 63. Rg4+ Kh6 64. Rd4 g5 65. Kg4 Rc6
66. Ra4 Kg6 67. Rb4 Rf6 68. Rc4 Rf1 69. Rc6+ Rf6 70. Rc4 1/2-1/2

[Event "XI Weekend C"]
[Site "Gorgonzola ITA"]
[Date "2006.11.11"]
[Round "1"]
[White "Ferraris, Fulvio"]
[Black "Orsucci, Marzio"]
[Result "1-0"]
[WhiteElo "1706"]
[BlackElo "1583"]
[PlyCount "167"]
[EventDate "2006.11.11"]

1. d4 Nf6 2. c4 d5 3. Nc3 e6 4. Bg5 Nbd7 5. e3 Be7 6. Nf3 O-O 7. Qc2 b6 8. cxd5
Nxd5 9. Nxd5 exd5 10. h4 Bb4+ 11. Kd1 f6 12. Bf4 Bd6 13. Bxd6 cxd6 14. Bd3 h6
15. h5 Rf7 16. Nh4 Nf8 17. Qb3 Be6 18. Bf5 Qd7 19. Qd3 Bxf5 20. Nxf5 Rc8 21.
Rh3 Ne6 22. Rg3 Kf8 23. Rc1 Qa4+ 24. b3 Rxc1+ 25. Kxc1 Qxa2 26. Kd1 Qxf2 27.
Qe2 Qxe2+ 28. Kxe2 Rd7 29. Rf3 Ng5 30. Rf1 Kf7 31. Rc1 Ke6 32. g4 Kf7 33. Rc6
Ne4 34. Rc8 Ng5 35. Rc6 Ke6 36. Rc8 Rf7 37. Rg8 Rc7 38. Rxg7 Rxg7 39. Nxg7+ Kf7
40. Nf5 Ne4 41. Nxh6+ Kg7 42. Nf5+ Kh7 43. b4 a5 44. bxa5 bxa5 45. Ne7 a4 46.
Kd3 Nf2+ 47. Kc3 Nxg4 48. Nxd5 a3 49. Kb3 a2 50. Kxa2 Kh6 51. Kb3 Kxh5 52. Kc4
Kg5 53. Kd3 Kf5 54. e4+ Ke6 55. Nf4+ Kf7 56. d5 Ne5+ 57. Kd4 Ke7 58. Nh5 Kf7
59. Ke3 Kg6 60. Ng3 Ng4+ 61. Kf4 Nh6 62. Ne2 Kf7 63. Nd4 Ke7 64. Nc6+ Kd7 65.
Nd4 Ke7 66. Ne2 Kf7 67. Ng3 Kg6 68. Ke3 Kf7 69. Kd4 Ke7 70. Kc4 Kd7 71. Kb5 Kc7
72. Ka6 Kd8 73. Kb6 Kd7 74. Kb7 Nf7 75. Nh5 Ke7 76. Kc7 Ng5 77. Ng3 Nf7 78.
Nf5+ Ke8 79. Nxd6+ Nxd6 80. Kxd6 Kf7 81. Kc7 Kg6 82. d6 Kg5 83. d7 Kf4 84. d8=Q
1-0

[Event "XI Weekend C"]
[Site "Gorgonzola ITA"]
[Date "2006.11.11"]
[Round "1"]
[White "Loaldi, Davide"]
[Black "Gazzetta, Marco"]
[Result "0-1"]
[WhiteElo "1524"]
[BlackElo "1673"]
[PlyCount "78"]
[EventDate "2006.11.11"]

1. e4 e6 2. d4 d5 3. Nc3 dxe4 4. Nxe4 Nd7 5. Nf3 Ngf6 6. Bd3 Be7 7. O-O O-O 8.
Bg5 b6 9. c3 Bb7 10. Qc2 h6 11. Bd2 c5 12. Nxf6+ Nxf6 13. Ne5 cxd4 14. Rae1 Rc8
15. c4 b5 16. b3 Bd6 17. Bf4 Nd5 18. Bd2 bxc4 19. bxc4 Qc7 20. f4 Nb4 21. Bxb4
Bxb4 22. Re2 Bd6 23. Be4 Bxe4 24. Rxe4 Bxe5 25. fxe5 Qxc4 26. Qxc4 Rxc4 27. Rb1
Rfc8 28. Kf2 Rc2+ 29. Re2 d3 30. Rxc2 dxc2 31. Rc1 Kf8 32. Ke2 Ke7 33. Kd2 Kd7
34. Rxc2 Rxc2+ 35. Kxc2 Kc6 36. Kd3 Kd5 37. g3 Kxe5 38. Kc4 Kf5 39. Kc5 e5 0-1

[Event "XI Weekend C"]
[Site "Gorgonzola ITA"]
[Date "2006.11.11"]
[Round "1"]
[White "Madaschi, Sergio"]
[Black "Patrucco, Carlo"]
[Result "1-0"]
[WhiteElo "1568"]
[BlackElo "1700"]
[PlyCount "63"]
[EventDate "2006.11.11"]

1. e4 e6 2. Nf3 d5 3. exd5 exd5 4. d4 Bg4 5. Be2 Nc6 6. O-O Qd7 7. Bf4 O-O-O 8.
Nbd2 Nf6 9. c3 Nh5 10. Be3 g6 11. b4 Bd6 12. Nb3 f5 13. b5 Ne7 14. a4 Nf6 15.
a5 Bxf3 16. Bxf3 Qxb5 17. Be2 Qd7 18. f3 Nc6 19. a6 b6 20. Bb5 Qe7 21. Re1 Nb8
22. Bg5 Qf7 23. Re2 c6 24. Bd3 h6 25. Bxf6 Qxf6 26. Qc2 Qf7 27. Rae1 b5 28. Qa2
Rhe8 29. Na5 Rxe2 30. Rxe2 Re8 31. Nb7 Rxe2 32. Nxd6+ {...} 1-0

[Event "XI Weekend C"]
[Site "Gorgonzola ITA"]
[Date "2006.11.11"]
[Round "1"]
[White "Magistroni, Imerio"]
[Black "Nastasi, Maurizio"]
[Result "1/2-1/2"]
[WhiteElo "1693"]
[BlackElo "1553"]
[PlyCount "64"]
[EventDate "2006.11.11"]

1. d4 Nf6 2. c4 g6 3. Nc3 Bg7 4. e4 d6 5. Be2 O-O 6. Bg5 c5 7. d5 Qa5 8. Qd2
Nbd7 9. h4 Ne5 10. f3 Qb4 11. b3 h6 12. Be3 Nh5 13. Rc1 Ng3 14. Rh2 Bd7 15. Bd1
f5 16. Nge2 Nxe2 17. Bxe2 Rf7 18. Bxh6 fxe4 19. Bxg7 exf3 20. Bxe5 fxe2 21. Bf4
Raf8 22. g3 e5 23. dxe6 Bxe6 24. Rxe2 Bg4 25. Re3 Qb6 26. Nd5 Qd8 27. Qc3 g5
28. hxg5 Qxg5 29. Qd2 Qh5 30. Qf2 Qh8 31. Ne7+ Kg7 32. Qb2+ Rf6 1/2-1/2

[Event "XI Weekend C"]
[Site "Gorgonzola ITA"]
[Date "2006.11.11"]
[Round "1"]
[White "Menato, Nazario"]
[Black "Megna, Giuseppe"]
[Result "0-1"]
[WhiteElo "1544"]
[BlackElo "1691"]
[PlyCount "42"]
[EventDate "2006.11.11"]

1. Nf3 d5 2. d3 h6 3. g3 Nf6 4. Bg2 Bf5 5. O-O Nbd7 6. Nh4 Bh7 7. b3 e6 8. Bb2
Rc8 9. Nd2 Be7 10. Nhf3 O-O 11. c4 c6 12. Rc1 Qb6 13. Re1 Rfd8 14. e4 dxe4 15.
dxe4 Nc5 16. Ne5 Nfxe4 17. Qg4 Nxf2 18. Nd7 Nxg4 19. Nxb6 axb6 20. Ba3 Rxd2 21.
Rf1 Bg5 0-1

[Event "XI Weekend C"]
[Site "Gorgonzola ITA"]
[Date "2006.11.11"]
[Round "1"]
[White "Petetta, Roberto"]
[Black "Rossini, Walter"]
[Result "1-0"]
[WhiteElo "1652"]
[BlackElo "1514"]
[PlyCount "49"]
[EventDate "2006.11.11"]

1. e4 d6 2. d4 Nf6 3. Nc3 g6 4. Bc4 Bg7 5. Nf3 Bg4 6. O-O c6 7. Qd3 Bxf3 8.
Qxf3 Nbd7 9. Bf4 e5 10. dxe5 Nxe5 11. Bxe5 dxe5 12. Rad1 Qc7 13. Rd3 O-O 14.
Rfd1 Rad8 15. a3 Rxd3 16. Qxd3 Re8 17. b4 b5 18. Bb3 Re7 19. Qd8+ Qxd8 20.
Rxd8+ Re8 21. Rd6 Rc8 22. f3 Ne8 23. Rd7 Rc7 24. Bxf7+ Kf8 25. Bxe8 1-0

[Event "XI Weekend C"]
[Site "Gorgonzola ITA"]
[Date "2006.11.11"]
[Round "1"]
[White "Ragoso, Mario"]
[Black "Scarabelli, Maurizio"]
[Result "1/2-1/2"]
[WhiteElo "1604"]
[BlackElo "1745"]
[PlyCount "112"]
[EventDate "2006.11.11"]

1. c4 e6 2. g3 Nf6 3. Bg2 c6 4. Nc3 d5 5. cxd5 cxd5 6. d4 Nc6 7. Nf3 Be7 8. O-O
O-O 9. Bf4 a6 10. Rc1 Nh5 11. Be3 Nf6 12. Ne5 Bd7 13. a3 Rc8 14. Na4 Nxe5 15.
Rxc8 Qxc8 16. dxe5 Ng4 17. Bd4 Qc6 18. Nc3 Qc7 19. f4 Bc5 20. Qd2 Qb6 21. Rd1
Bxd4+ 22. Qxd4 Qxd4+ 23. Rxd4 Rc8 24. Bf3 Ne3 25. Kf2 Nc4 26. Nd1 Kf8 27. Bg2
Rc7 28. Rd3 Ke7 29. e4 Nxb2 30. Nxb2 Rc2+ 31. Kg1 Rxb2 32. exd5 exd5 33. Bxd5
Bh3 34. Rb3 Rxb3 35. Bxb3 Be6 36. Bc2 h6 37. Kf2 g6 38. Ke3 Kd7 39. Kd4 b6 40.
a4 Kc7 41. Bd3 Bb3 42. Bxa6 Bxa4 43. Bc4 Be8 44. Kd5 b5 45. Bb3 Kd7 46. Kc5 Ke7
47. Bc2 f6 48. exf6+ Kxf6 49. Bd3 g5 50. fxg5+ Kxg5 51. Be2 Kf5 52. Bxb5 Bxb5
53. Kxb5 Kg4 54. Kc4 Kh3 55. Kd3 Kxh2 56. g4 Kg3 1/2-1/2

[Event "XI Weekend C"]
[Site "Gorgonzola ITA"]
[Date "2006.11.11"]
[Round "1"]
[White "Raimondi, Davide"]
[Black "Galimberti, Maurizio"]
[Result "1/2-1/2"]
[WhiteElo "1678"]
[BlackElo "1524"]
[PlyCount "56"]
[EventDate "2006.11.11"]

1. e4 e6 2. d4 c5 3. Nf3 cxd4 4. Nxd4 Nf6 5. Nc3 Qb6 6. Nb3 Bb4 7. Bd3 d5 8.
Be3 Qc7 9. O-O Bxc3 10. bxc3 dxe4 11. Bb5+ Bd7 12. Nd4 O-O 13. Rb1 Nc6 14. Bxc6
Bxc6 15. Nb5 Bxb5 16. Rxb5 b6 17. Rb3 Rad8 18. Qe2 Rd7 19. c4 Rc8 20. c5 bxc5
21. Rfb1 Qd6 22. Rb7 Rxb7 23. Rxb7 Rd8 24. h3 a6 25. Qd2 Qxd2 26. Bxd2 Nd5 27.
Ra7 h6 28. Rxa6 Nc7 1/2-1/2

[Event "XI Weekend C"]
[Site "Gorgonzola ITA"]
[Date "2006.11.11"]
[Round "1"]
[White "Rinaldo, Andrea"]
[Black "Basilico, Davide"]
[Result "1/2-1/2"]
[WhiteElo "1748"]
[BlackElo "1605"]
[PlyCount "109"]
[EventDate "2006.11.11"]

1. d4 d5 2. Nf3 Nf6 3. e3 c6 4. Nbd2 Bf5 5. c4 e6 6. Be2 Nbd7 7. Qb3 Rb8 8. O-O
Bd6 9. c5 Bc7 10. Qc3 O-O 11. b4 Re8 12. Nh4 Ne4 13. Nxe4 Bxe4 14. g3 e5 15.
Bd3 exd4 16. exd4 Nf6 17. Bg5 h6 18. Bxf6 Qxf6 19. Rfe1 Bxd3 20. Qxd3 a5 21. b5
cxb5 22. Qxb5 Qc6 23. Rxe8+ Rxe8 24. Rb1 Re1+ 25. Kg2 Rxb1 26. Qxb1 b6 27. Nf5
Kf8 28. cxb6 Qxb6 29. Qd3 Qe6 30. Qa3+ Kg8 31. Ne7+ Kh8 32. Qe3 Qe4+ 33. Qxe4
dxe4 34. f3 exf3+ 35. Kxf3 Bd6 36. Nc6 a4 37. Ke4 g6 38. Kd5 Bf8 39. Ke5 Bg7+
40. Kd6 Bf8+ 41. Kd7 g5 42. Ke8 Kg7 43. d5 f5 44. Ne7 Bxe7 45. Kxe7 f4 46. d6
f3 47. d7 f2 48. d8=Q f1=Q 49. Qd4+ Kg6 50. Qe4+ Kh5 51. h4 Qf2 52. hxg5 hxg5
53. g4+ Kh4 54. Qxa4 Qe2+ 55. Kf6 1/2-1/2